| 000 | 00722nam a2200229 i 4500 | ||
|---|---|---|---|
| 001 | bg | ||
| 100 | 1 |
_aHOFMAŃSKI, Piotr _d(1956- ) |
|
| 245 | 1 | 0 |
_aKonwencja Europejska a prawo karne / _cPiotr Hofmański. |
| 260 |
_aToruń : _bTowarzystwo Naukowe Organizacji i Kierownictwa "Dom Organizatora", _c1995. |
||
| 300 |
_a369, [1] s. ; _c24 cm. |
||
| 504 | _aBibliogr. s. 343-363. | ||
| 650 | 9 |
_aPrawa człowieka _xprawo międzynarodowe |
|
| 650 | 9 |
_aPrawo karne _xzagadnienia |
|
| 650 | 9 |
_aUmowy międzynarodowe _zEuropa |
|
| 020 | _a8385709630 | ||
| 040 | _cBPK | ||
| 041 | 0 |
_apl _bende |
|
| 080 | _a341.231.14:341.4:341.24(4) | ||
| 920 | _a83-85709-63-0 | ||
| 942 | _cKS | ||
| 008 | s pl f |000 0 pol | ||
| 999 |
_c33795 _d33795 |
||
| 856 |
_uhttp://koha.tu.koszalin.pl/cgi-bin/koha/opac-detail.pl?biblionumber=33795 _yKatalog online BPK |
||